000 00988nam a2200253 a 4500
001 BRL_1150
005 20190320211046.0
008 151113s2003----mx-ab#####---#000-0#spa-#
020 _a9686340939
041 _aspa
044 _amx
050 4 _aF1391.T9
_b.T95 2003
245 1 0 _aTula
_bmás allá de la zona arqueológica
_cLaura Elena Sotelo Santos, coordinadora ; Jesús Bermúdez, Horacio Romero, fotografía.
260 _aPachuca, Hidalgo, México
_bUniversidad Autónoma del Estado de Hidalgo
_c2003
300 _a191 p.
_bil. (algunas a color), mapas
_c32 cm.
504 _aBibliografía : p. 187-191
651 4 _aTula de Allende (México)
_xHistoria
_925943
651 4 _aTula de Allende (México)
_vTrabajos Ilustrados
_925944
651 4 _aTula de Allende (México)
_vTrabajos Ilustrados
_xAntigüedades
_925945
700 1 _aSotelo Santos, Laura Elena
_ecoord.
_925946
700 1 _aBermúdez, Jesús
_eil.
_925947
700 1 _aRomero, Horacio
_eil.
_925948
942 _2lcc
_cB
999 _c9962
_d9962